000 00253nam a2200109Ia 4500
005 20251222143221.0
008 251222s9999||||xx |||||||||||||| ||spa||
082 _a985.26/C76/T.I/V.I
245 0 _aHistoria del Callao
264 _bCONCYTEC
942 _cLIB
999 _c13824
_d13824